• 首页
  • 本馆介绍
  • 公告通知
  • 最新文献
  • 馆藏检索
  • 电子资源
  • 读者导购
  • 参考咨询
  • 我的图书馆
  • 登录
  • 详细信息显示
  • 放入我的书架
  • 预约/预借图书
  • 作者相关作品
  • 分类相关作品
  • 丛书相关作品
  • 出版社相关作品

书目信息

  • 表格格式
  • 工作单格式
  • 卡片格式
题名:
第一次世界大战
    
 
作者: 蒋孟引 著
分册:  
出版信息: 上海   上海人民出版社  1979.6
页数: 156页
开本: 20cm
丛书名:
单 册:
中图分类: K143
科图分类:
主题词: 世界史:近代史
电子资源:
ISBN:
000 00509nam0 2200193 45
001 0312221749
005 20060425101750.73
010    @dCNY0.48
100    @a20031222d1979 km y0chiy0120 ea
101    @achi
200 1  @a第一次世界大战@ADi Yi Ci Shi Jie Da Zhan@f蒋孟引著@FJiang Meng Yin Zhu
205    @a2版
210    @a上海@c上海人民出版社@d1979.6
215    @a156页@d20cm
606 0  @a世界史:近代史
690    @aK143@v3
701 0  @a蒋孟引@4著
801    @aCN@bTSTCL@c20060425
905    @dK143@e19@f1@b67511
    
    第一次世界大战/蒋孟引著.-2版.-上海:上海人民出版社,1979.6
    156页;20cm
    
    
    ISBN :CNY0.48
    
●
相关链接 在E读中查询图书 在五车中查询图书 在当当中查询图书 在豆瓣中查询图书


正题名:第一次世界大战     索取号:K143/19         预约/预借

序号 登录号 条形码 馆藏地/架位号 状态 备注
1 0067510   001219149   密集书库/ [索取号:K143/19] 在馆    
2 0067511   001219096   密集书库/ [索取号:K143/19] 在馆    
3 0067512   001219158   密集书库/ [索取号:K143/19] 在馆    
4 0067513   001219130   密集书库/ [索取号:K143/19] 在馆    
5 0067514   202269605   密集书库/ [索取号:K143/19] 在馆    
6 0067515   001912684   密集书库/ [索取号:K143/19] 在馆    
7 0067516   001912194   密集书库/ [索取号:K143/19] 在馆    
8 0067517   001219167   第二样本阅览室/ [索取号:K143/19] 在馆    
唐山师范学院图书馆 欢迎您!
大连网信软件有限公司© 版权所有